00323nam a2200121Ia 4500008004100000100001700041245006200058260003600120300000900156650001400165942000700179999001500186190216s9999||||xx |||||||||||||| ||und|| aVasant Desai 0aProblems And Prospects Of Small Scale Industries In India bHimalaya Publishing Housec1983 a338p aEconomics cBK c9616d9616